书目信息 |
| 题名: |
公路行业财务管理学
|
|
| 作者: | 周国光 编著 | |
| 分册: | ||
| 出版信息: | 北京 人民交通出版社 2001.08 |
|
| 页数: | 488页 | |
| 开本: | 20cm | |
| 丛书名: | ||
| 单 册: | ||
| 中图分类: | F540.58 | |
| 科图分类: | ||
| 主题词: | 公路运输--运输企业--财务管理 | |
| 电子资源: | ||
| ISBN: | 7-114-04015-6 | |
| 000 | 00771nam0 2200217 450 | |
| 001 | 0163955843 | |
| 005 | 20051014095305.01 | |
| 010 | @a7-114-04015-6@dCNY26.00 | |
| 100 | @a20050506d2001 km y0chiy0120 ea | |
| 101 | 0 | @achi |
| 102 | @aCN@b110000 | |
| 105 | @ay z 000yy | |
| 200 | 1 | @a公路行业财务管理学@Agong lu hang ye cai wu guan li xue@f周国光等编著@Fzhou guo guang deng bian zhu |
| 210 | @a北京@c人民交通出版社@d2001.08 | |
| 215 | @a488页@d20cm | |
| 330 | @a本书主要研究我国公路行业财务管理的理论与方法,包括公路建设单位财务管理、公路经营企业财务管理和公路事业单位财务管理三部分内容。 | |
| 606 | 0 | @a公路运输@x运输企业@x财务管理 |
| 690 | @aF540.58@v4 | |
| 701 | 0 | @a周国光@Azhou guo guang@4编著 |
| 801 | 0 | @aCN@bQSSK@c20051014 |
| 905 | @a10447@dF540.58@eZ761 | |
| 公路行业财务管理学/周国光等编著.-北京:人民交通出版社,2001.08 |
| 488页;20cm |
| ISBN 7-114-04015-6:CNY26.00 |
| 本书主要研究我国公路行业财务管理的理论与方法,包括公路建设单位财务管理、公路经营企业财务管理和公路事业单位财务管理三部分内容。 |
| ● |
| 相关链接 |
|
|
|
正题名:公路行业财务管理学
索取号:F540.58/Z761
 
预约/预借
| 序号 | 登录号 | 条形码 | 馆藏地/架位号 | 状态 | 备注 |
| 1 | 568923 | 205689236 | 社科二线422/422社科库 11排2列1层/ [索取号:F540.58/Z761] | 在馆 | |
| 2 | 568924 | 205689245 | 社科二线422/409社科库 38排1列4层/ [索取号:F540.58/Z761] | 在馆 | |
| 3 | 568925 | 205689254 | 社科库409/409社科库 38排1列4层/ [索取号:F540.58/Z761] | 在馆 |